000 00463nam a22001457a 4500
008 150923b xxu||||| |||| 00| 0 eng d
020 _a9780195330069
050 _aGN 345.6 .T56 2005
100 _aTing-Toomey,Stella.
_d2005
245 _aUnderstanding intercultural communication.
_cStella Ting-Toomey
260 _aNewYork:
_bOxford,
_c2005.
300 _axviii,404p.ill;
700 _aChung,Leeva C.
942 _2lcc
_cBOOKS
_hGN 345.6 .T56 2005
999 _c6387
_d6387